Plantilla Real Madrid CF Femenino 2024/25 con fotos - Estadísticas

Estadísticas generales
  • Esta prueba ha sido intentada 58 veces
    40 desde el último reinicio
  • La puntuación promedio es 13 de 23
Estadísticas de respuestas
Imagen Respuesta % Correcto
Athenea del Castillo
96%
Misa Rodríguez
96%
Olga Carmona
96%
Linda Caicedo
85%
Alba Redondo
70%
Teresa Abelleira
63%
Caroline Weir
56%
María Méndez
56%
Eva Navarro
52%
Carla Camacho
48%
Mylène Chavas
48%
Naomie Feller
48%
Maëlle Lakrar
44%
Rocío Gálvez
44%
Shei García
44%
Signe Bruun
44%
Antonia Silva
41%
Caroline Møller
41%
Oihane Hernández
41%
Yasmim Ribeiro
41%
Sandie Toletti
37%
Filippa Angeldahl
33%
Melanie Leupolz
30%
No se encontraron pruebas coincidentes
Distribución de puntuación
Porcentaje de gente con cada puntuación
Porcentaje por número respondido
Historial de tus puntuaciones
No has intentado esta prueba desde el último reinicio